LEADER 01312nam 2200421 450 001 9910827240203321 005 20180828105017.0 010 $a0-8108-9270-7 035 $a(CKB)3710000001123951 035 $a(MiAaPQ)EBC4828788 035 $a(EXLCZ)993710000001123951 100 $a20170418h20172017 uy 0 101 0 $aeng 135 $aurcnu|||||||| 181 $2rdacontent 182 $2rdamedia 183 $2rdacarrier 200 14$aThe Christopher Lee film encyclopedia /$fRobert W. Pohle Jr., Douglas C. Hart, Rita Pohle Baldwin ; foreword by Tim Burton, Johnny Depp 210 1$aLanham, Maryland :$cRowman & Littlefield,$d2017. 210 4$d?2017 215 $a1 online resource (415 pages) $cillustrations 311 $a0-8108-9269-3 320 $aIncludes bibliographical references and index. 606 $aActors$zEngland$vBiography$vEncyclopedias 615 0$aActors 676 $a791.43028092 700 $aPohle$b Robert W.$f1949-$01627504 702 $aHart$b Douglas C. 702 $aBaldwin$b Rita Pohle$f1986- 702 $aBurton$b Tim 702 $aDepp$b Johnny 801 0$bMiAaPQ 801 1$bMiAaPQ 801 2$bMiAaPQ 906 $aBOOK 912 $a9910827240203321 996 $aThe Christopher Lee film encyclopedia$93964126 997 $aUNINA